[Event "Mauricie op"]
[Site "Trois Rivieres CAN"]
[Date "2007.03.18"]
[Round "4"]
[White "Wilkin, Alain"]
[Black "Fortier, Marc-Andre"]
[Result "0-1"]
[WhiteElo "1941"]
[BlackElo "2074"]
[PlyCount "92"]
[GameId "2160767910709820"]
[EventDate "2007.03.16"]
[EventType "swiss"]
[EventRounds "5"]
[EventCountry "CAN"]
[SourceTitle "EXT 2022"]
[Source "ChessBase"]
[SourceDate "2021.10.06"]
[SourceVersion "1"]
[SourceVersionDate "2021.10.06"]
[SourceQuality "1"]

1. e4 c5 2. Nf3 d6 3. d4 cxd4 4. Nxd4 Nf6 5. Nc3 g6 6. Be2 Bg7 7. Be3 O-O 8. O-O Nc6 9. Nb3 a6 10. f4 Bd7 11. Bf3 b5 12. e5 dxe5 13. fxe5 Nxe5 14. Bxa8 Qxa8 15. h3 Bc6 16. Bd4 Nc4 17. Qe2 e5 18. Bc5 Rc8 19. Rae1 Nh5 20. Qf2 f5 21. Ne2 Nf6 22. Nec1 Ne4 23. Rxe4 Bxe4 24. Nd3 Bc6 25. Re1 Rd8 26. Be7 Rd7 27. Bg5 h6 28. Bc1 f4 29. Ndc5 Rd6 30. c3 g5 31. Nd2 Nxd2 32. Bxd2 Bxg2 33. Bxf4 exf4 34. Qxg2 Qxg2+ 35. Kxg2 Rd2+ 36. Kf3 Rxb2 37. Re8+ Kf7 38. Ra8 Rxa2 39. Ra7+ Kg6 40. Rc7 Ra3 41. Rc6+ Kh5 42. Ne4 b4 43. Rb6 Bxc3 44. Kg2 Bd4 45. Rxb4 Be5 46. Rb6 f3+ 0-1

[Event "Mauricie op"]
[Site "Trois Rivieres CAN"]
[Date "2007.03.18"]
[Round "5"]
[White "Audet-Bouchard, Nicolas"]
[Black "Auger, Bertrand"]
[Result "1-0"]
[WhiteElo "2200"]
[BlackElo "2007"]
[PlyCount "83"]
[GameId "2160767910709821"]
[EventDate "2007.03.16"]
[EventType "swiss"]
[EventRounds "5"]
[EventCountry "CAN"]
[SourceTitle "EXT 2022"]
[Source "ChessBase"]
[SourceDate "2021.10.06"]
[SourceVersion "1"]
[SourceVersionDate "2021.10.06"]
[SourceQuality "1"]

1. e4 e6 2. d4 d5 3. Nc3 dxe4 4. Nxe4 Bd7 5. Nf3 Bc6 6. Bd3 Nd7 7. Qe2 Ngf6 8. Neg5 h6 9. Nxe6 fxe6 10. Bg6+ Ke7 11. O-O Bxf3 12. Qxf3 c6 13. Qa3+ c5 14. dxc5 Ne5 15. c6+ Qd6 16. cxb7 Rb8 17. Qxd6+ Kxd6 18. Bf4 Nfd7 19. Rfe1 Ke7 20. Be4 Kf6 21. Rad1 g5 22. Bg3 Bg7 23. Bc6 Ke7 24. Bxd7 Nxd7 25. Bd6+ Kf7 26. Bxb8 Nxb8 27. b3 Re8 28. Re4 Re7 29. Rd6 Bb2 30. h4 Kf6 31. hxg5+ hxg5 32. f3 Be5 33. Rd8 Bc7 34. Rf8+ Kg7 35. Rc8 Kf7 36. Kf1 Bd6 37. Rd4 Be5 38. Re4 Bd6 39. Rg4 Kf6 40. Rf8+ Kg7 41. Rd8 Be5 42. Rxg5+ 1-0

[Event "Mauricie op"]
[Site "Trois Rivieres CAN"]
[Date "2007.03.18"]
[Round "5"]
[White "Benoit-Deschamps, Jean-Marc"]
[Black "Masse, Hugues"]
[Result "1/2-1/2"]
[WhiteElo "2060"]
[BlackElo "2260"]
[PlyCount "70"]
[GameId "2160767910709822"]
[EventDate "2007.03.16"]
[EventType "swiss"]
[EventRounds "5"]
[EventCountry "CAN"]
[SourceTitle "EXT 2022"]
[Source "ChessBase"]
[SourceDate "2021.10.06"]
[SourceVersion "1"]
[SourceVersionDate "2021.10.06"]
[SourceQuality "1"]

1. d4 Nf6 2. c4 g6 3. Nc3 d5 4. cxd5 Nxd5 5. e4 Nxc3 6. bxc3 Bg7 7. Nf3 c5 8. Rb1 O-O 9. Be2 cxd4 10. cxd4 Qa5+ 11. Bd2 Qxa2 12. O-O b6 13. Bg5 Bb7 14. d5 e6 15. Be7 Re8 16. d6 Bxe4 17. Bb5 Bc6 18. Qd3 Qd5 19. Qxd5 exd5 20. Rfc1 Bxb5 21. Rxb5 a5 22. Rxd5 Nd7 23. Rc7 a4 24. Rd2 a3 25. Ra2 Rec8 26. g3 Rxc7 27. dxc7 Rc8 28. Rxa3 Rxc7 29. Ra8+ Nf8 30. Bd6 Rb7 31. Ne5 f6 32. Nc6 b5 33. Rc8 Rd7 34. Bb4 g5 35. Rb8 Kf7 1/2-1/2

[Event "Mauricie op"]
[Site "Trois Rivieres CAN"]
[Date "2007.03.18"]
[Round "5"]
[White "Campbell, Martin-Alexandre"]
[Black "Robichaud, Louis"]
[Result "0-1"]
[WhiteElo "1763"]
[BlackElo "2180"]
[PlyCount "90"]
[GameId "2160767910709824"]
[EventDate "2007.03.16"]
[EventType "swiss"]
[EventRounds "5"]
[EventCountry "CAN"]
[SourceTitle "EXT 2022"]
[Source "ChessBase"]
[SourceDate "2021.10.06"]
[SourceVersion "1"]
[SourceVersionDate "2021.10.06"]
[SourceQuality "1"]

1. e4 e5 2. Nf3 Nc6 3. Bc4 Bc5 4. d3 Nf6 5. Nc3 d6 6. Be3 Bxe3 7. fxe3 Na5 8. Bb3 Nxb3 9. axb3 Ng4 10. Qe2 f6 11. h3 Nh6 12. Nh4 g6 13. Rf1 O-O 14. Qf2 c6 15. Qg3 Kh8 16. Rf3 g5 17. Nf5 Bxf5 18. exf5 d5 19. e4 d4 20. Nd1 b5 21. Nf2 Rg8 22. Ng4 Nf7 23. Ke2 h5 24. Nh2 a5 25. Rff1 Kh7 26. Qf3 Kh6 27. g4 h4 28. Ra2 Qb6 29. Rfa1 c5 30. Qf1 c4 31. bxc4 bxc4 32. Qe1 cxd3+ 33. cxd3 Qb3 34. Qd1 Qb5 35. Qd2 Rgc8 36. Rxa5 Rxa5 37. Rxa5 Qb7 38. Nf3 Nd6 39. Rd5 Nf7 40. b4 Rc3 41. Qb2 Qc7 42. Ne1 Nd6 43. Qa2 Nxe4 44. dxe4 Re3+ 45. Kf2 Qc3 0-1

[Event "Mauricie op"]
[Site "Trois Rivieres CAN"]
[Date "2007.03.18"]
[Round "5"]
[White "Fareh, Youness"]
[Black "Hua, Lefong"]
[Result "0-1"]
[WhiteElo "2161"]
[BlackElo "2364"]
[PlyCount "120"]
[GameId "2160767910709825"]
[EventDate "2007.03.16"]
[EventType "swiss"]
[EventRounds "5"]
[EventCountry "CAN"]
[SourceTitle "EXT 2022"]
[Source "ChessBase"]
[SourceDate "2021.10.06"]
[SourceVersion "1"]
[SourceVersionDate "2021.10.06"]
[SourceQuality "1"]

1. Nf3 Nf6 2. c4 c5 3. Nc3 e6 4. g3 b6 5. Bg2 Bb7 6. O-O Be7 7. b3 d6 8. Bb2 a6 9. e3 O-O 10. d4 Nbd7 11. Qd3 cxd4 12. exd4 d5 13. cxd5 Nxd5 14. Rfd1 Nxc3 15. Bxc3 Nf6 16. Bb2 Nd5 17. a3 b5 18. Rac1 Qd6 19. Ne5 Rac8 20. Rxc8 Rxc8 21. Rc1 Rxc1+ 22. Bxc1 Qc7 23. Bb2 Qa5 24. b4 Qc7 25. Be4 g6 26. Qc2 Qxc2 27. Bxc2 Nb6 28. Bb3 Bd5 29. Bxd5 exd5 30. Bc1 Bf6 31. f4 Nc4 32. Kf2 Kf8 33. Ke2 Ke8 34. Kd3 Bd8 35. Kc3 f6 36. Nd3 a5 37. Nc5 a4 38. Kd3 h5 39. Kc3 Ke7 40. Kd3 Bc7 41. Ke2 Bb6 42. Kd3 Bc7 43. Ke2 Kf7 44. Kf3 g5 45. Nd3 g4+ 46. Ke2 Ke6 47. Nc5+ Kf5 48. Kd3 Bb6 49. Nd7 Ba7 50. Nc5 Bb8 51. Na6 Bd6 52. Nc5 h4 53. Nd7 h3 54. Nc5 Nxa3 55. Bxa3 Bxf4 56. Ke2 Bxg3 57. Nd3 Bxh2 58. Bc1 g3 59. Nf4 g2 60. Nxh3 Kg4 0-1

[Event "Mauricie op"]
[Site "Trois Rivieres CAN"]
[Date "2007.03.18"]
[Round "5"]
[White "Fortier, Marc-Andre"]
[Black "Panayotov, Ivo"]
[Result "1-0"]
[WhiteElo "2074"]
[BlackElo "1926"]
[PlyCount "77"]
[GameId "2160767910709826"]
[EventDate "2007.03.16"]
[EventType "swiss"]
[EventRounds "5"]
[EventCountry "CAN"]
[SourceTitle "EXT 2022"]
[Source "ChessBase"]
[SourceDate "2021.10.06"]
[SourceVersion "1"]
[SourceVersionDate "2021.10.06"]
[SourceQuality "1"]

1. e4 c5 2. Nc3 e6 3. g3 Nc6 4. Bg2 g6 5. d3 Bg7 6. Be3 d6 7. Qd2 Nge7 8. Bh6 O-O 9. h4 f5 10. h5 Rf7 11. hxg6 Nxg6 12. exf5 Nge5 13. Bxg7 Rxg7 14. fxe6 Bxe6 15. O-O-O Qf8 16. Rh6 Rg6 17. Rxg6+ hxg6 18. f4 Ng4 19. Nh3 Kg7 20. Ng5 Bg8 21. Bd5 Nf6 22. Bxg8 Kxg8 23. Qg2 Re8 24. Nd5 Nh7 25. Nxh7 Kxh7 26. Rh1+ Kg8 27. Qh3 Qg7 28. Qh4 Kf7 29. Qg4 Kg8 30. c3 b5 31. Nc7 Re7 32. Qc8+ Kf7 33. Nxb5 Na5 34. Nxd6+ Kf6 35. Qxc5 Ke6 36. Ne4 Nb7 37. Qc6+ Kf7 38. Ng5+ Kf8 39. Qc8+ 1-0

[Event "Mauricie op"]
[Site "Trois Rivieres CAN"]
[Date "2007.03.18"]
[Round "5"]
[White "Hamilton, Robert"]
[Black "Prahov, Valentin"]
[Result "1-0"]
[WhiteElo "2269"]
[BlackElo "2166"]
[PlyCount "119"]
[GameId "2160767910709827"]
[EventDate "2007.03.16"]
[EventType "swiss"]
[EventRounds "5"]
[EventCountry "CAN"]
[SourceTitle "EXT 2022"]
[Source "ChessBase"]
[SourceDate "2021.10.06"]
[SourceVersion "1"]
[SourceVersionDate "2021.10.06"]
[SourceQuality "1"]

1. d4 Nf6 2. c4 g6 3. Nc3 d5 4. e3 Bg7 5. b4 O-O 6. Nf3 b6 7. Ba3 c5 8. bxc5 bxc5 9. Bxc5 Na6 10. Ba3 Qa5 11. Bb2 Ne4 12. Rc1 Rb8 13. Ba1 dxc4 14. Bxc4 Be6 15. Bxe6 fxe6 16. O-O Nxc3 17. Bxc3 Qxa2 18. Ra1 Qc4 19. Qa4 Qxa4 20. Rxa4 Nc7 21. Bb4 Bf6 22. Rxa7 Rxb4 23. Rxc7 g5 24. g4 h6 25. h3 Rfb8 26. Rfc1 Rb1 27. Rxb1 Rxb1+ 28. Kg2 Rd1 29. Rc2 Kf7 30. Nd2 e5 31. d5 e4 32. Ra2 Be5 33. Nxe4 Rxd5 34. Kf3 Rd7 35. Ra5 Bg7 36. Ra6 e6 37. Nc5 Re7 38. Rb6 Be5 39. Ke4 Bg7 40. f4 gxf4 41. exf4 Bf6 42. Rc6 Re8 43. Rb6 Re7 44. Nd3 Ra7 45. Nc5 Re7 46. Rb5 Bc3 47. Rb1 Rc7 48. Nd3 Rc4+ 49. Ke3 Bf6 50. Rb7+ Kg8 51. Rd7 Rc3 52. Rb7 Rc4 53. Rb5 Kf7 54. h4 Rc3 55. Rb7+ Kg8 56. g5 hxg5 57. fxg5 Bg7 58. h5 Rc4 59. Nf4 Rc5 60. Rxg7+ 1-0

[Event "Mauricie op"]
[Site "Trois Rivieres CAN"]
[Date "2007.03.18"]
[Round "5"]
[White "Laptos, Krzysztof"]
[Black "Chartrand, Jean Bruno"]
[Result "1/2-1/2"]
[WhiteElo "2231"]
[BlackElo "1826"]
[PlyCount "72"]
[GameId "2160767910709828"]
[EventDate "2007.03.16"]
[EventType "swiss"]
[EventRounds "5"]
[EventCountry "CAN"]
[SourceTitle "EXT 2022"]
[Source "ChessBase"]
[SourceDate "2021.10.06"]
[SourceVersion "1"]
[SourceVersionDate "2021.10.06"]
[SourceQuality "1"]

1. d4 Nf6 2. c4 g6 3. Nc3 d5 4. Bg5 Ne4 5. Bh4 Nxc3 6. bxc3 dxc4 7. e4 Bg7 8. Bxc4 c5 9. Ne2 cxd4 10. cxd4 Qa5+ 11. Kf1 Nc6 12. Qb3 O-O 13. Rd1 Qh5 14. Bg3 Na5 15. Qa4 Nxc4 16. Qxc4 Bd7 17. d5 Rac8 18. Qd3 b6 19. f3 g5 20. Kf2 Qg6 21. h4 h6 22. h5 Qh7 23. Rhf1 Kh8 24. Qa3 f5 25. Qxa7 Bb5 26. Qxb6 Bxe2 27. Kxe2 fxe4 28. Qg6 exf3+ 29. gxf3 Qxg6 30. hxg6 Ra8 31. Rd2 Ra3 32. d6 exd6 33. Bxd6 Re8+ 34. Kf2 Ra4 35. Rfd1 Bf6 36. f4 gxf4 1/2-1/2

[Event "Mauricie op"]
[Site "Trois Rivieres CAN"]
[Date "2007.03.18"]
[Round "5"]
[White "Le Duin, Thierry"]
[Black "Szalay, Karoly"]
[Result "0-1"]
[WhiteElo "2159"]
[BlackElo "1970"]
[PlyCount "102"]
[GameId "2160767910709830"]
[EventDate "2007.03.16"]
[EventType "swiss"]
[EventRounds "5"]
[EventCountry "CAN"]
[SourceTitle "EXT 2022"]
[Source "ChessBase"]
[SourceDate "2021.10.06"]
[SourceVersion "1"]
[SourceVersionDate "2021.10.06"]
[SourceQuality "1"]

1. d4 d5 2. Nf3 Nf6 3. c3 Bf5 4. Nh4 Bg6 5. Nxg6 hxg6 6. Bg5 c6 7. Nd2 Nbd7 8. e3 e5 9. Bd3 Bd6 10. g3 Qb6 11. Bxf6 gxf6 12. Qb3 f5 13. f4 e4 14. Be2 Nf6 15. O-O-O Ng4 16. Bxg4 fxg4 17. c4 Qxb3 18. axb3 f5 19. c5 Bc7 20. b4 a6 21. Nb3 Kd7 22. Rd2 Rh3 23. Kc2 Rah8 24. Rg2 g5 25. Nc1 gxf4 26. exf4 Bd8 27. Ne2 Ke6 28. Ng1 R3h7 29. h4 gxh3 30. Rgh2 Kf7 31. Kd2 Bf6 32. Ke3 Kg6 33. Ne2 Rh6 34. Nc3 Bg7 35. Nd1 Kh5 36. Nf2 Kg6 37. b3 Kf7 38. Rxh3 Rxh3 39. Rxh3 Rh6 40. Rxh6 Bxh6 41. g4 fxg4 42. Nxg4 Kg6 43. Ne5+ Kf5 44. Nf7 Bxf4+ 45. Ke2 Bc7 46. Ke3 Kg6 47. Nd6 Bxd6 48. cxd6 Kf7 49. Kf4 Ke6 50. Kg4 Kxd6 51. Kf4 Kc7 0-1

[Event "Mauricie op"]
[Site "Trois Rivieres CAN"]
[Date "2007.03.18"]
[Round "5"]
[White "Libersan, Thierry"]
[Black "Bourassa, Samuel"]
[Result "1-0"]
[WhiteElo "2160"]
[BlackElo "2004"]
[PlyCount "70"]
[GameId "2160767910709831"]
[EventDate "2007.03.16"]
[EventType "swiss"]
[EventRounds "5"]
[EventCountry "CAN"]
[SourceTitle "EXT 2022"]
[Source "ChessBase"]
[SourceDate "2021.10.06"]
[SourceVersion "1"]
[SourceVersionDate "2021.10.06"]
[SourceQuality "1"]

1. e4 c5 2. Nf3 d6 3. d4 cxd4 4. Nxd4 Nf6 5. Nc3 g6 6. Be3 Bg7 7. f3 O-O 8. Qd2 Nc6 9. Bc4 Bd7 10. O-O-O Rc8 11. Bb3 Ne5 12. Bh6 Rxc3 13. bxc3 Qa5 14. Bxg7 Kxg7 15. Kb2 b5 16. h4 h5 17. g4 Rb8 18. gxh5 Nxh5 19. Rhg1 Nc4+ 20. Bxc4 bxc4+ 21. Ka1 Nf4 22. Rb1 Rxb1+ 23. Kxb1 e5 24. Rd1 Ba4 25. Nb3 cxb3 26. axb3 Bd7 27. Kb2 Be6 28. Qxd6 Qb5 29. Qa3 Qe2 30. Rd8 Qxf3 31. Qf8+ Kf6 32. Qh8+ Ke7 33. Qf8+ Kf6 34. Qh8+ Ke7 35. Ra8 Bd7 1-0

[Event "Mauricie op"]
[Site "Trois Rivieres CAN"]
[Date "2007.03.18"]
[Round "5"]
[White "Regnier, Alain"]
[Black "Mai, Lloyd"]
[Result "1/2-1/2"]
[WhiteElo "2081"]
[BlackElo "2130"]
[PlyCount "108"]
[GameId "2160767910709833"]
[EventDate "2007.03.16"]
[EventType "swiss"]
[EventRounds "5"]
[EventCountry "CAN"]
[SourceTitle "EXT 2022"]
[Source "ChessBase"]
[SourceDate "2021.10.06"]
[SourceVersion "1"]
[SourceVersionDate "2021.10.06"]
[SourceQuality "1"]

1. e4 c5 2. g3 Nc6 3. Bg2 g6 4. Ne2 Bg7 5. O-O e5 6. f4 d6 7. f5 Nh6 8. Bh3 gxf5 9. exf5 Qg5 10. d3 Qh5 11. Bxh6 Qxh6 12. Kg2 Nb4 13. Nbc3 Bd7 14. Bg4 Qg5 15. h3 h5 16. Bf3 Qxf5 17. Ng1 Qg6 18. Bxb7 Rb8 19. Bf3 h4 20. g4 O-O 21. Kh1 f5 22. gxf5 Bxf5 23. a3 Nxc2 24. Nd5 Rfe8 25. Bh5 Qh7 26. Bxe8 Rxe8 27. Qxc2 Bxd3 28. Qg2 Kh8 29. Rae1 Bxf1 30. Rxf1 e4 31. Rf7 Re6 32. Nf4 Rf6 33. Rxf6 Bxf6 34. Nge2 Qf5 35. Ng6+ Kh7 36. Nef4 Bg5 37. Nf8+ Kh6 38. N4e6 Bf6 39. Qd2+ Kh5 40. Nf4+ Kh6 41. Qxd6 e3 42. Nd7 e2 43. Nxe2 Qxh3+ 44. Kg1 Qg4+ 45. Kf2 Qf5+ 46. Nf4 Kg5 47. Qxf6+ Qxf6 48. Nxf6 Kxf4 49. Nd7 c4 50. Nc5 h3 51. a4 Ke5 52. Kg3 Kd4 53. Nd7 c3 54. bxc3+ Kxc3 1/2-1/2

[Event "Mauricie op"]
[Site "Trois Rivieres CAN"]
[Date "2007.03.18"]
[Round "5"]
[White "Sauve, Richard"]
[Black "Sicotte, Marc"]
[Result "0-1"]
[WhiteElo "2005"]
[BlackElo "2023"]
[PlyCount "124"]
[GameId "2160767910709835"]
[EventDate "2007.03.16"]
[EventType "swiss"]
[EventRounds "5"]
[EventCountry "CAN"]
[SourceTitle "EXT 2022"]
[Source "ChessBase"]
[SourceDate "2021.10.06"]
[SourceVersion "1"]
[SourceVersionDate "2021.10.06"]
[SourceQuality "1"]

1. d4 d5 2. c4 c6 3. e3 Nf6 4. Nc3 e6 5. Nf3 Nbd7 6. Qc2 Bd6 7. b3 O-O 8. Be2 b6 9. O-O Bb7 10. e4 dxe4 11. Nxe4 Nxe4 12. Qxe4 Nf6 13. Qc2 c5 14. dxc5 Bxc5 15. Bg5 Be4 16. Qc3 Be7 17. Rad1 Qc7 18. Qe5 Qb7 19. Rc1 Rad8 20. Rfd1 h6 21. Bf4 Ba3 22. Rxd8 Rxd8 23. Rd1 Rxd1+ 24. Bxd1 Qd7 25. Be2 Bc5 26. h3 Kh7 27. Qc3 a5 28. Ne5 Qb7 29. Bf3 Bxf3 30. Qxf3 Qxf3 31. Nxf3 Ne4 32. Be3 Bxe3 33. fxe3 Nc3 34. a4 Ne2+ 35. Kf2 Nc1 36. Nd2 Kg6 37. Ke1 Kf5 38. Kd1 Nd3 39. Ke2 Nc5 40. Kd1 h5 41. Kc2 e5 42. Kc3 Na6 43. c5 Nxc5 44. Kc4 Ke6 45. Kb5 Nd7 46. Kc6 g5 47. g4 hxg4 48. hxg4 Nf6 49. Nf3 Nxg4 50. Nxg5+ Kf6 51. Ne4+ Ke6 52. Kxb6 Nxe3 53. Kxa5 f5 54. Nd2 Nd5 55. b4 e4 56. b5 Kd6 57. Ka6 e3 58. Nc4+ Kc7 59. Nxe3 Nxe3 60. Ka7 Nc4 61. a5 Nxa5 62. b6+ Kc6 0-1

[Event "Mauricie op"]
[Site "Trois Rivieres CAN"]
[Date "2007.03.18"]
[Round "5"]
[White "St Amand, Paul Jr"]
[Black "Tremblay, Yves"]
[Result "1/2-1/2"]
[WhiteElo "2065"]
[BlackElo "1902"]
[PlyCount "61"]
[GameId "2160767910709836"]
[EventDate "2007.03.16"]
[EventType "swiss"]
[EventRounds "5"]
[EventCountry "CAN"]
[SourceTitle "EXT 2022"]
[Source "ChessBase"]
[SourceDate "2021.10.06"]
[SourceVersion "1"]
[SourceVersionDate "2021.10.06"]
[SourceQuality "1"]

1. e4 c5 2. c3 d5 3. exd5 Qxd5 4. d4 Nc6 5. Nf3 Bg4 6. Be2 e6 7. O-O Nf6 8. h3 Bh5 9. c4 Qd7 10. dxc5 Qxd1 11. Rxd1 Bxc5 12. Nc3 h6 13. a3 a5 14. Bf4 O-O 15. Bd6 Bxd6 16. Rxd6 Rfd8 17. Rad1 Rxd6 18. Rxd6 Kf8 19. Kf1 Ke7 20. Rd2 Rd8 21. Ke1 Rxd2 22. Kxd2 Kd6 23. g4 Bg6 24. Bd3 Bxd3 25. Kxd3 Kc5 26. b3 g5 27. Ke3 Nd7 28. Ne1 f5 29. Nd3+ Kd6 30. Nb5+ Ke7 31. f3 1/2-1/2

[Event "Mike Shpan mem."]
[Site "Winnipeg CAN"]
[Date "2007.11.06"]
[Round "1"]
[White "Atem, James"]
[Black "Kaptsan, Aron"]
[Result "0-1"]
[WhiteElo "1705"]
[BlackElo "2003"]
[PlyCount "72"]
[GameId "2160767910574387"]
[EventDate "2007.11.06"]
[EventType "swiss"]
[EventRounds "6"]
[EventCountry "CAN"]
[SourceTitle "EXT 2022"]
[Source "ChessBase"]
[SourceDate "2021.10.06"]
[SourceVersion "1"]
[SourceVersionDate "2021.10.06"]
[SourceQuality "1"]

1. c4 Nf6 2. Nc3 g6 3. g3 Bg7 4. Nf3 O-O 5. d4 d6 6. Qb3 Nbd7 7. Bg2 c6 8. Bd2 e5 9. O-O-O exd4 10. Nxd4 Ng4 11. Be3 Nxe3 12. fxe3 Bh6 13. Ne4 Qe7 14. Nc2 Nc5 15. Nxc5 dxc5 16. Kb1 Bf5 17. e4 Bxe4 18. Bxe4 Qxe4 19. h3 b5 20. cxb5 cxb5 21. Qxb5 Qe5 22. Qd3 Bg7 23. Qa3 Rfb8 24. b3 c4 25. e3 cxb3 26. axb3 a5 27. Rd4 Qxg3 28. Ra4 Qe5 29. Rd1 Qe6 30. Rd3 Qxh3 31. Nd4 Qf1+ 32. Kc2 Bf8 33. Qa2 Bb4 34. Rxb4 axb4 35. Qb1 Rc8+ 36. Kb2 Qf2+ 0-1

[Event "Mike Shpan mem."]
[Site "Winnipeg CAN"]
[Date "2007.11.06"]
[Round "1"]
[White "Campbell, Gary"]
[Black "Mundwiler, Les"]
[Result "0-1"]
[WhiteElo "1665"]
[BlackElo "2003"]
[PlyCount "85"]
[GameId "2160767910574388"]
[EventDate "2007.11.06"]
[EventType "swiss"]
[EventRounds "6"]
[EventCountry "CAN"]
[SourceTitle "EXT 2022"]
[Source "ChessBase"]
[SourceDate "2021.10.06"]
[SourceVersion "1"]
[SourceVersionDate "2021.10.06"]
[SourceQuality "1"]

1. d4 d5 2. c4 e6 3. Nc3 c5 4. Nf3 Nc6 5. a3 cxd4 6. Nxd4 Bc5 7. Nf3 d4 8. Ne4 Be7 9. e3 e5 10. exd4 exd4 11. b4 Nf6 12. Ned2 O-O 13. Bd3 Bg4 14. Qc2 Bxb4 15. axb4 Re8+ 16. Kf1 Nxb4 17. Qb3 a5 18. Bb2 Nc6 19. h3 Bh5 20. g4 Bg6 21. Bxg6 hxg6 22. Qd3 Qd7 23. Re1 Rxe1+ 24. Kxe1 a4 25. Ba3 Rd8 26. Kd1 Qc7 27. Re1 Qb6 28. Ne5 Na5 29. Qb1 Nb3 30. Nd3 Qc6 31. Nxb3 axb3 32. Qxb3 Qf3+ 33. Kc1 b5 34. Be7 Rc8 35. c5 Ne4 36. Bh4 Nxc5 37. Nxc5 Rxc5+ 38. Kb2 Qc6 39. Qd3 Rc4 40. Be7 Qd5 41. Rc1 Ra4 42. Qb3 Qe5 43. Re1 0-1

[Event "Mike Shpan mem."]
[Site "Winnipeg CAN"]
[Date "2007.11.06"]
[Round "1"]
[White "Crawford, Gary"]
[Black "Green, Jim"]
[Result "0-1"]
[WhiteElo "1285"]
[BlackElo "1725"]
[PlyCount "81"]
[GameId "2160767910574389"]
[EventDate "2007.11.06"]
[EventType "swiss"]
[EventRounds "6"]
[EventCountry "CAN"]
[SourceTitle "EXT 2022"]
[Source "ChessBase"]
[SourceDate "2021.10.06"]
[SourceVersion "1"]
[SourceVersionDate "2021.10.06"]
[SourceQuality "1"]

1. e4 d6 2. d4 g6 3. Nf3 Bg7 4. Be2 a6 5. O-O Nd7 6. c3 b5 7. Be3 Bb7 8. Nbd2 Nh6 9. h3 O-O 10. Qb3 c5 11. c4 cxd4 12. Bxd4 Bxd4 13. Nxd4 e5 14. N4f3 Nc5 15. Qe3 Kg7 16. cxb5 axb5 17. b4 Ne6 18. Bxb5 f5 19. Qb3 Nf4 20. Rfe1 g5 21. Nh2 Qb6 22. a4 fxe4 23. Nxe4 Bxe4 24. Rxe4 Nf5 25. Nf3 h6 26. Rae1 Rf7 27. Bc4 Rc7 28. a5 Qa7 29. a6 Rac8 30. b5 Qb6 31. Qa2 Ng3 32. R4e3 Nf5 33. Ra3 Ra8 34. Qb1 Kf6 35. Qe4 Raa7 36. Kh2 Qxf2 37. Ra2 Qg3+ 38. Kh1 Rxc4 39. Qxc4 Nxh3 40. Qf1 Qf4 41. b6 0-1

[Event "Mike Shpan mem."]
[Site "Winnipeg CAN"]
[Date "2007.11.06"]
[Round "1"]
[White "Greenberg, Harley"]
[Black "Letain, Cory"]
[Result "1-0"]
[WhiteElo "1800"]
[BlackElo "1343"]
[PlyCount "33"]
[GameId "2160767910574390"]
[EventDate "2007.11.06"]
[EventType "swiss"]
[EventRounds "6"]
[EventCountry "CAN"]
[SourceTitle "EXT 2022"]
[Source "ChessBase"]
[SourceDate "2021.10.06"]
[SourceVersion "1"]
[SourceVersionDate "2021.10.06"]
[SourceQuality "1"]

1. d4 Nf6 2. c4 c5 3. d5 b5 4. cxb5 a6 5. b6 Qxb6 6. Nc3 e6 7. e4 Bb7 8. Nf3 d6 9. dxe6 fxe6 10. Ng5 e5 11. Bc4 Qb4 12. Qe2 d5 13. exd5 Bd6 14. Ne6 Rg8 15. O-O Nbd7 16. Bd2 Rb8 17. Nb5 1-0

[Event "Mike Shpan mem."]
[Site "Winnipeg CAN"]
[Date "2007.11.06"]
[Round "1"]
[White "Kong, Dezheng"]
[Black "Wasserman, Leor"]
[Result "1-0"]
[WhiteElo "1900"]
[BlackElo "1493"]
[PlyCount "55"]
[GameId "2160767910574392"]
[EventDate "2007.11.06"]
[EventType "swiss"]
[EventRounds "6"]
[EventCountry "CAN"]
[SourceTitle "EXT 2022"]
[Source "ChessBase"]
[SourceDate "2021.10.06"]
[SourceVersion "1"]
[SourceVersionDate "2021.10.06"]
[SourceQuality "1"]

1. e4 e5 2. Nf3 Nc6 3. Nc3 Nf6 4. d4 exd4 5. Nxd4 Nxd4 6. Qxd4 d6 7. Bc4 Be7 8. O-O O-O 9. Bg5 h6 10. Bh4 Be6 11. Rad1 Nh7 12. Bxe7 Qxe7 13. Rfe1 Rad8 14. Bxe6 c5 15. Bxf7+ Qxf7 16. Qd5 Ng5 17. Qxf7+ Rxf7 18. Rd5 Rf6 19. Red1 Rg6 20. Kh1 Nf7 21. e5 Re6 22. f4 g6 23. Ne4 b6 24. Nxd6 Nxd6 25. Rxd6 Rdxd6 26. exd6 Kf7 27. Kg1 Kf6 28. Kf2 1-0

[Event "Mike Shpan mem."]
[Site "Winnipeg CAN"]
[Date "2007.11.06"]
[Round "1"]
[White "Oberton, Daniel"]
[Black "Wood, Nathaniel"]
[Result "1-0"]
[WhiteElo "1978"]
[BlackElo "1603"]
[PlyCount "57"]
[GameId "2160767910574393"]
[EventDate "2007.11.06"]
[EventType "swiss"]
[EventRounds "6"]
[EventCountry "CAN"]
[SourceTitle "EXT 2022"]
[Source "ChessBase"]
[SourceDate "2021.10.06"]
[SourceVersion "1"]
[SourceVersionDate "2021.10.06"]
[SourceQuality "1"]

1. e4 c6 2. d4 d5 3. exd5 cxd5 4. c4 Nf6 5. Nc3 e6 6. Nf3 Be7 7. Bf4 O-O 8. Bd3 dxc4 9. Bxc4 Nc6 10. O-O Nh5 11. Be3 Qa5 12. d5 Rd8 13. Qb3 exd5 14. Nxd5 Bf8 15. Bd2 Qc5 16. Nc7 Bg4 17. Bxf7+ Kh8 18. Be3 Qe7 19. Nxa8 Bxf3 20. gxf3 Qh4 21. Qc4 Qxc4 22. Bxc4 Rxa8 23. Bd5 Nb4 24. Bxb7 Rb8 25. Be4 Nf6 26. Bxa7 Rb5 27. a4 Rg5+ 28. Kh1 Nxe4 29. fxe4 1-0

[Event "Mike Shpan mem."]
[Site "Winnipeg CAN"]
[Date "2007.11.06"]
[Round "1"]
[White "Schulz, Waldemar"]
[Black "Wierda, John"]
[Result "1-0"]
[WhiteElo "2032"]
[BlackElo "1713"]
[PlyCount "45"]
[GameId "2160767910574394"]
[EventDate "2007.11.06"]
[EventType "swiss"]
[EventRounds "6"]
[EventCountry "CAN"]
[SourceTitle "EXT 2022"]
[Source "ChessBase"]
[SourceDate "2021.10.06"]
[SourceVersion "1"]
[SourceVersionDate "2021.10.06"]
[SourceQuality "1"]

1. Nf3 d5 2. g3 Bg4 3. Ne5 Bf5 4. Bg2 c6 5. O-O Nd7 6. Nf3 e5 7. d3 Ngf6 8. Nbd2 Qc7 9. c4 h6 10. b3 Bd6 11. Bb2 Be6 12. Rc1 a5 13. cxd5 Bxd5 14. Nc4 O-O 15. Nxd6 Qxd6 16. Qc2 Qe6 17. e4 a4 18. exd5 Nxd5 19. a3 axb3 20. Qxb3 b6 21. Rfe1 f6 22. Nd4 Qd6 23. Rxc6 1-0

[Event "Mike Shpan mem."]
[Site "Winnipeg CAN"]
[Date "2007.11.06"]
[Round "1"]
[White "Trueman, Francis"]
[Black "Kwiatek, Jordan"]
[Result "0-1"]
[WhiteElo "1452"]
[BlackElo "1851"]
[PlyCount "40"]
[GameId "2160767910574395"]
[EventDate "2007.11.06"]
[EventType "swiss"]
[EventRounds "6"]
[EventCountry "CAN"]
[SourceTitle "EXT 2022"]
[Source "ChessBase"]
[SourceDate "2021.10.06"]
[SourceVersion "1"]
[SourceVersionDate "2021.10.06"]
[SourceQuality "1"]

1. Nf3 d5 2. d3 Nc6 3. Nbd2 e5 4. e4 d4 5. c3 Bg4 6. h3 Bh5 7. g3 Nge7 8. Bg2 Qd7 9. a4 dxc3 10. bxc3 Qxd3 11. Qb3 O-O-O 12. Bf1 Na5 13. Qb4 Qc2 14. g4 Nec6 15. Qb2 Qxb2 16. Bxb2 Bg6 17. Bb5 a6 18. Be2 Bc5 19. O-O h5 20. Ne1 Rxd2 0-1